000 00701nam a2200289Ia 4500
005 20260324115256.0
008 008 260324s9999 xx 000 0 eng d
020 _a9781315117874
037 _aEBOOK
040 _aCRL
040 _beng
040 _cCRL
041 _2eng
041 _aeng
084 _qCRL
100 _aWenjiang Fu
_91154039
245 2 _aA Practical Guide to Age-Period-Cohort Analysis
245 4 _bThe Identification Problem and Beyond
260 _bTaylor and Francis
260 _c2018
365 _a
365 _b160
856 _uhttp://www.taylorfrancis.com/books/9781315117874
942 _cEBOOK
999 _c1744798
_d1744798